Wird geladen...

Economics of minor irrigation in Kerala:a case study

Bibliographische Detailangaben
1. Verfasser: Joseph, C J
Format: Ph.D Thesis
Veröffentlicht: University of Calicut 1983
LEADER 00460nam a2200193 4500
020
082 |a T 5 
100 |a Joseph, C J 
245 |a Economics of minor irrigation in Kerala:a case study 
250
260 |a University of Calicut  |c 1983 
300
490
500
590
650
942 |c THES 
999 |c 112087  |d 112087 
952 |0 0  |1 0  |4 0  |6 T_5_000000000000000  |7 0  |9 125554  |a ECN  |b ECN  |l 0  |o T 5  |p ECN09113  |r 2019-09-25  |w 2019-09-25  |y THES